Statistics for West Indies Cricketers Who Have Played 80 Tests

Click here to take the quiz!

General Stats

  • This quiz has been taken 383 times
  • The average score is 12 of 15

Answer Stats

TestsSeasonsPlayer% Correct
1301990-2006Brian Lara
95%
1211974-1991Viv Richards
95%
1321984-2001Courtney Walsh
91%
981988-2000Curtly Ambrose
91%
1581994-Shivnarine Chanderpaul
89%
1032000-Chris Gayle
85%
811978-1991Malcolm Marshall
83%
1101966-1985Clive Lloyd
82%
931954-1974Garry Sobers
78%
1161978-1994Desmond Haynes
76%
1081974-1991Gordon Greenidge
76%
861983-1995Richie Richardson
71%
1021987-2002Carl Hooper
60%
872000-2011Ramnaresh Sarwan
54%
811981-1991Jeffrey Dujon
53%

Score Distribution

Percentile by Number Answered

Percent of People with Each Score

Your Score History

You have not taken this quiz